Les featurings de Kaza - Statistiques

Statistiques générales
  • Ce quiz a été pris 84 fois
    60 depuis la dernière actualisation
  • Le résultat moyen est 8 sur 18
Statistiques - réponses
Département Artistes Sons % Correct
75 Leto Pour un jeu (2019), Un peu d'amour (2022)
92%
93 Maes Béni (2020), N26 (2021)
92%
Unknown Sasso J'traine la night (2021), Elle veut (2022)
71%
75 Franglish 10 millions (2022), DOUBLE JEU (2024)
69%
Unknown Nej Luva (2023)
67%
60 Naza CALMANT (2024)
65%
93 Timal La vie de rêve (2020)
65%
93 Dinos Number (2021)
58%
75 Kepler Baby Mama (2021)
35%
Unknown Dabs Fashion (2020), Vanilla (2021)
29%
Unknown Enfantdepauvres Cramé (2022)
29%
93 GLK Contradictions (2021)
25%
Unknown Nalaa DM (2022)
23%
60 KeBlack Gamos (2022)
21%
93 Prototype Amour & Tess (2021)
21%
Unknown Yaro Un peu beaucoup (2022)
21%
75 Cheu-B Calle dans le club (2021)
17%
Unknown Ysos Emotions (2021)
17%
Aucun quiz correspondant
Distribution des résultats
% des personnes avec chaque résultat
Percentile par nombre de réponses
Votre historique - résultats
Vous n’avez pas pris ce quiz depuis la dernière actualisation